| 000 | 02106cam a22004934i 4500 | ||
|---|---|---|---|
| 003 | PE-LiUPU | ||
| 005 | 20250731173342.0 | ||
| 008 | 150706s r 000 0 d | ||
| 020 | _a8481647543 | ||
| 035 | _a(Sirsi) i9788481647549 | ||
| 040 |
_aPE-LiUPU _bspa _cPE-LiUPU _erda |
||
| 049 | _aPRUA | ||
| 082 | 0 | 4 |
_a270.1 _bM77 _221 |
| 100 | 1 |
_aMontserrat Torrents, José, _d1932- , _eautor. |
|
| 245 | 1 | 3 |
_aLa sinagoga cristiana / _cJosé Monserrat Torrents. |
| 264 | 1 |
_aMadrid : _bTrotta, _c[2005]. |
|
| 300 |
_a380 páginas ; _c23 centímetros |
||
| 336 |
_atext _2rdacontent |
||
| 337 |
_aunmediated _2rdamedia |
||
| 338 |
_avolume _2rdacarrier |
||
| 490 | 0 | _aColección Estructuras y procesos. Serie Religión | |
| 504 | _aIncluye bibliografía. | ||
| 505 | 0 | _aEl judaísmo hasta el año 70 -- Filón de Alejandría -- Pablo: la Carta a los Gálatas -- Aspectos de la misión paulina -- Jerusalén y Roma -- El judaísmo entre las dos guerras -- El concepto de judaísmo cristiano -- Corrientes del judaísmo entre 70 y 135 -- El judaísmo cristiano 1 -- El judaísmo cristiano 2 -- El judaísmo cristiano 3 -- El judaísmo cristiano 4 -- La evolución del judaísmo cristiano -- Galilea -- Jerusalén -- La diáspora siriáca -- Conclusiones. Es plausible que. | |
| 526 | _aSEG42 | ||
| 526 | _aSEG41 | ||
| 526 | _aSEG40 | ||
| 526 | _aSEG39 | ||
| 526 | _aP94 | ||
| 526 | _aP87 | ||
| 526 | _aP86 | ||
| 526 | _aP85 | ||
| 526 | _aP77 | ||
| 526 | _aP76 | ||
| 526 | _aP35 | ||
| 541 | _g007-0020315; | ||
| 650 | 0 | 4 | _aCristianismo y judaísmo. |
| 650 | 0 | 4 |
_aCristianismo _ySiglo I-VI. |
| 910 |
_bjv _cng _d20090911 |
||
| 942 |
_2ddc _cBOOK |
||
| 949 |
_a270.1 M77 _wDEWEY _c1 _i60335 _lCCODEBUL1 _mBUL _p34.00 _r0 _sY _tBOOK _u2015-7-6 _xTEOLOGIA _zUNKNOWN _0COMPRA _o.STAFF. Colección General |
||
| 994 |
_aC0 _bPEPRU |
||
| 596 | _a1 | ||
| 999 |
_a270.1 M77 _wDEWEY _c49798 _i60335 _f2021-11-11 _g5 _lCCODEBUL1 _mBUL _p34.00 _r0 _sY _tBOOK _u2015-7-6 _xTEOLOGIA _zUNKNOWN _0COMPRA _o.STAFF. Colección General _d49798 |
||
| 980 |
_81 _gALBERTO SANCHEZ Responsable de Automatización |
||